000 00585nam a2200181Ia 4500
008 090123s9999 xx 000 0 und d
082 _b36830
100 _aदामले लिना
245 _aपुरुषस्य चरित्रम्
250 _a1
260 _bप्रपंच प्रकाशन
_c2004
300 _a112
600 _aदामले लिना
630 _aपुरुषस्य चरित्रम्
700 _aदामले लिना
730 _aपुरुषस्य चरित्रम्
942 _cBOOK
999 _c74897
_d74897